000 00567nam a2200193 a 4500
001 000009265
005 20200929161533.0
008 090929s1997 dr a 001 0 spa d
020 _a8492314125
040 _aDO-SdBNP
082 _axxx
_bH798a
100 1 _aHoppe, Jurgen
_97822
245 1 0 _aÁrboles que florecen en la República Dominicana /
_cJurgen Hoppe.
260 _aSanto Domingo, :
_bEduca,
_c1997.
300 _a61 p. :
_bil ;
_c23 cm.
500 _aIncluye índice de autores
504 _aIncluye referencias bibliográficas [p.60-61]
049 _aBNPD
999 _c9027
_d9027